[Event "22nd Oberwarter Open"]
[Site "Oberwart (Austria)"]
[Date "2000.07.10"]
[Round "3.17"]
[White "KOVACEVIC, Blazimir"]
[Black "KLJAKO, Damir"]
[Result "1/2-1/2"]
[WhiteElo "2438"]
[BlackElo "2258"]
[PlyCount "181"]
[EventDate "2000.07.10"]

1. d4 g6 2. e4 Bg7 3. c4 c5 4. d5 d6 5. Nc3 Nf6 6. Bd3 e6 7. Nge2 exd5 8. cxd5
O-O 9. O-O Re8 10. h3 a6 11. a4 Nbd7 12. Ng3 Qc7 13. f4 Rb8 14. a5 c4 15. Bc2
b5 16. axb6 Qxb6+ 17. Kh1 Nc5 18. Qf3 Nfd7 19. Ra2 Nb3 20. Be3 Bd4 21. Bxb3
cxb3 22. Bxd4 Qxd4 23. Raa1 Qf6 24. Rad1 Qh4 25. Nge2 Rb4 26. Rd4 a5 27. Ra1
Nf6 28. Rxa5 Rxd4 29. Nxd4 Nxe4 30. Nxe4 Qe1+ 31. Kh2 Rxe4 32. Ra8 Rxd4 33.
Rxc8+ Kg7 34. Qxb3 Qf2 35. Qg3 Qxb2 36. Qf3 Qd2 37. f5 Rf4 38. Qg3 Rxf5 39.
Qxd6 Qf4+ 40. Qxf4 Rxf4 41. Rd8 Kf6 42. Rd7 h5 43. Kg1 h4 44. Ra7 Rd4 45. Rd7
Rd2 46. Kf1 g5 47. Kg1 Kg7 48. Rd8 Kg6 49. Rd7 f6 50. Kf1 Kf5 51. Rd6 Ra2 52.
Kg1 Re2 53. Ra6 Re8 54. Kf2 Rd8 55. g3 hxg3+ 56. Kxg3 Rxd5 57. Ra3 Rd4 58. Rf3+
Kg6 59. Ra3 f5 60. Ra8 Rd3+ 61. Kg2 f4 62. Rf8 Rd2+ 63. Kg1 Kh5 64. Rh8+ Kg6
65. Rf8 Rd4 66. Kg2 Re4 67. Kf3 Re3+ 68. Kg2 Rg3+ 69. Kh2 Kg7 70. Rf5 Kg6 71.
Rf8 Rf3 72. Kg2 Rd3 73. h4 Rd2+ 74. Kf3 Rd3+ 75. Kg2 Kh5 76. hxg5 Kg4 77. g6
Rd2+ 78. Kf1 Kf3 79. Ke1 Re2+ 80. Kf1 Ra2 81. Ke1 Ra1+ 82. Kd2 Rg1 83. Rf6 Rg2+
84. Kd3 Rg4 85. Kd4 Ke2 86. Ke5 f3 87. Ke6 f2 88. Kf7 f1=Q 89. Rxf1 Kxf1 90. g7
Rxg7+ 91. Kxg7 {.} 1/2-1/2

[Event "22nd Oberwarter Open"]
[Site "Oberwart (Austria)"]
[Date "2000.07.10"]
[Round "3.18"]
[White "ALMASI, Istvan"]
[Black "KREBS, Johann"]
[Result "1-0"]
[WhiteElo "2429"]
[BlackElo "2209"]
[PlyCount "55"]
[EventDate "2000.07.10"]

1. d4 Nf6 2. Nf3 g6 3. g3 Bg7 4. Bg2 O-O 5. c4 d6 6. O-O Nbd7 7. Nc3 e5 8. b3
c6 9. Ba3 exd4 10. Nxd4 Nc5 11. b4 Ne6 12. Nxe6 Bxe6 13. b5 Bxc4 14. bxc6 bxc6
15. Bxd6 Re8 16. Bxc6 Ng4 17. Bxe8 Bxc3 18. Bc6 Bxa1 19. Bxa8 Qxa8 20. Qxa1 Qd5
21. Qc3 Ba6 22. Ba3 Bb7 23. f3 Qxa2 24. Bb2 f6 25. fxg4 Qd5 26. Rf3 Qd1+ 27.
Kf2 Bxf3 28. Qxf3 1-0

[Event "22nd Oberwarter Open"]
[Site "Oberwart (Austria)"]
[Date "2000.07.10"]
[Round "3.20"]
[White "KUMMER, Helmut"]
[Black "WERNDL, Erich"]
[Result "1-0"]
[WhiteElo "2390"]
[BlackElo "2165"]
[PlyCount "99"]
[EventDate "2000.07.10"]

1. d4 Nf6 2. c4 g6 3. Nc3 Bg7 4. e4 O-O 5. Be2 d6 6. Bg5 c5 7. d5 Qa5 8. Bd2
Na6 9. Nf3 Qd8 10. O-O Nc7 11. h3 e5 12. Ne1 Nfe8 13. Nd3 f5 14. f4 fxe4 15.
Nxe4 Bf5 16. Nc3 e4 17. Nf2 Bd4 18. Qc1 Qh4 19. Be3 Nf6 20. Qd2 Rae8 21. Bxd4
cxd4 22. Qxd4 e3 23. Ng4 Bxg4 24. hxg4 Nxg4 25. Bxg4 Qxg4 26. Rae1 e2 27. Rf2
Re7 28. Rexe2 Rxe2 29. Nxe2 Re8 30. Nc3 Re1+ 31. Rf1 Qg3 32. Qd2 Re7 33. Ne2
Qg4 34. Rf3 Qh4 35. g3 Qf6 36. Kf2 Na6 37. b4 Re4 38. Re3 Qf5 39. g4 Rxf4+ 40.
Nxf4 Qxf4+ 41. Ke1 Qxc4 42. a3 Qxg4 43. Qf2 Qc8 44. Qf6 Qc1+ 45. Kf2 Nc7 46.
Qd8+ Kg7 47. Re7+ Kh6 48. Qxc7 Qd2+ 49. Re2 Qf4+ 50. Ke1 1-0

[Event "22nd Oberwarter Open"]
[Site "Oberwart (Austria)"]
[Date "2000.07.10"]
[Round "3.21"]
[White "FUCHS, Georg"]
[Black "ZIMMERMAN, Yuri"]
[Result "1-0"]
[WhiteElo "2185"]
[BlackElo "2379"]
[PlyCount "75"]
[EventDate "2000.07.10"]

1. e4 d6 2. d4 Nf6 3. Nc3 g6 4. f3 c6 5. Be3 Qb6 6. a3 Bg7 7. Bc4 O-O 8. Nge2
Nbd7 9. Bb3 Qc7 10. Qd2 b5 11. Bh6 a6 12. h4 c5 13. h5 c4 14. hxg6 fxg6 15.
Bxg7 Kxg7 16. Qh6+ Kf7 17. Ba2 Nb6 18. g4 Rh8 19. Nf4 Bd7 20. g5 Ng8 21. Qh2 e6
22. Ke2 Ne7 23. Qxh7+ Rxh7 24. Rxh7+ Ke8 25. Rah1 Qa7 26. Rh8+ Ng8 27. Rxg8+
Kf7 28. Rxg6 Rf8 29. Rh7+ Ke8 30. Nxe6 Rf7 31. Rg8+ Ke7 32. g6 Bxe6 33. gxf7
Bxf7 34. Rgg7 Nd7 35. Rxf7+ Ke6 36. Re7+ Kf6 37. Nd5+ Kg6 38. Reg7# 1-0

[Event "22nd Oberwarter Open"]
[Site "Oberwart (Austria)"]
[Date "2000.07.10"]
[Round "3.22"]
[White "MEDVEGY, Nora"]
[Black "SCHWANINGER, Wolfgang"]
[Result "0-1"]
[WhiteElo "2350"]
[BlackElo "2108"]
[PlyCount "80"]
[EventDate "2000.07.10"]

1. e4 d6 2. d4 g6 3. Nc3 Bg7 4. Be3 Nf6 5. f3 c6 6. Qd2 O-O 7. O-O-O Nbd7 8. g4
b5 9. g5 Nh5 10. Nce2 Qc7 11. Ng3 Nb6 12. Kb1 Be6 13. Nxh5 gxh5 14. f4 Bg4 15.
Re1 d5 16. h3 Bd7 17. e5 Nc4 18. Qf2 f6 19. gxf6 exf6 20. Qg3 fxe5 21. fxe5 h4
22. Qg2 Qa5 23. Qe2 Bf5 24. Bc1 Qb4 25. b3 Qc3 26. Rd1 Bh6 27. Qg2+ Kh8 28.
Bxc4 Bxc1 29. Rxc1 bxc4 30. Ne2 Qe3 31. Rhg1 Bg6 32. Kb2 Rf2 33. Qg4 Rxe2 34.
Qxh4 Rxc2+ 35. Rxc2 Qxg1 36. Qf6+ Kg8 37. Rf2 c3+ 38. Ka3 Qc1+ 39. Ka4 Qh6 40.
Qxc6 Be8 0-1

[Event "22nd Oberwarter Open"]
[Site "Oberwart (Austria)"]
[Date "2000.07.10"]
[Round "3.23"]
[White "ARWANITAKIS, Michael"]
[Black "WUKITS, Rene"]
[Result "1-0"]
[WhiteElo "2156"]
[BlackElo "2347"]
[PlyCount "131"]
[EventDate "2000.07.10"]

1. e4 b6 2. d4 Bb7 3. Bd3 e6 4. Nf3 c5 5. c3 Be7 6. O-O Nf6 7. Qe2 Nc6 8. a3
Na5 9. Nbd2 c4 10. Bc2 Qc7 11. Ne5 b5 12. f4 O-O 13. Ng4 Nxg4 14. Qxg4 Nb3 15.
Nxb3 cxb3 16. Bd3 Bxe4 17. Bxe4 f5 18. Qe2 fxe4 19. Qxe4 Rae8 20. Bd2 Bf6 21.
a4 a6 22. axb5 axb5 23. Qd3 Qc6 24. Ra3 Qd5 25. Qf3 Qc4 26. Qd1 Be7 27. Ra7 Rd8
28. Re1 Rf5 29. Qe2 Qd5 30. Qe4 Bd6 31. Qxd5 Rxd5 32. Be3 Kf7 33. Rea1 Ke7 34.
g3 Rc8 35. Rc1 Rc4 36. Ra5 h5 37. Kf2 Rf5 38. Ke2 Rc8 39. h4 Rd5 40. Kd3 Bc7
41. Ra3 Bd6 42. Rxb3 Kf6 43. c4 bxc4+ 44. Rxc4 Rxc4 45. Kxc4 Kf5 46. Bd2 Kg4
47. Rd3 Kh3 48. b4 Kg2 49. b5 Kf2 50. Rb3 Bc7 51. Ra3 Bb6 52. Bc3 Rd6 53. Bb2
Ke2 54. g4 g6 55. gxh5 gxh5 56. Rg3 Bd8 57. Ba3 Rb6 58. Bc5 Rb7 59. Bd6 Bxh4
60. Rh3 Bd8 61. Rxh5 Ke3 62. Re5+ Kxf4 63. Rxe6+ Kf5 64. Re8 Bb6 65. d5 Ra7 66.
Rb8 {.} 1-0

[Event "22nd Oberwarter Open"]
[Site "Oberwart (Austria)"]
[Date "2000.07.10"]
[Round "3.24"]
[White "STEINER, Karl"]
[Black "ELFERT, Aleksandr"]
[Result "0-1"]
[WhiteElo "2035"]
[BlackElo "2412"]
[PlyCount "96"]
[EventDate "2000.07.10"]

1. Nf3 d5 2. d4 c6 3. Bf4 Qb6 4. b3 e6 5. e3 a5 6. a3 Nd7 7. Bd3 Ngf6 8. h3 Be7
9. Nbd2 h6 10. O-O O-O 11. c4 c5 12. cxd5 exd5 13. Qe2 Re8 14. Rfc1 cxd4 15.
Nxd4 Nc5 16. N2f3 Nfe4 17. Bb5 Rd8 18. b4 axb4 19. axb4 Rxa1 20. Rxa1 Nc3 21.
Qb2 N5e4 22. Bd3 Qxb4 23. Qxb4 Bxb4 24. Ra8 Rf8 25. Nc2 Bc5 26. Be5 Bd7 27. Ra5
Rc8 28. Bd4 Bd6 29. Ne5 Be8 30. f3 f6 31. fxe4 dxe4 32. Bc4+ Kh7 33. Bb3 Ne2+
34. Kf2 Nxd4 35. exd4 fxe5 36. dxe5 Bc5+ 37. Ke2 b6 38. Ra2 Bb5+ 39. Ke1 e3 40.
Ra1 Rf8 41. Kd1 Rf1+ 42. Ne1 Bb4 43. Bc2+ g6 44. Ra7+ Kh8 45. Ra8+ Kg7 46. Ra7+
Kf8 47. Ra8+ Ke7 48. Ra7+ Kd8 0-1

[Event "22nd Oberwarter Open"]
[Site "Oberwart (Austria)"]
[Date "2000.07.10"]
[Round "3.25"]
[White "WIATER, Michael"]
[Black "KRSTIC, Uros"]
[Result "0-1"]
[WhiteElo "2047"]
[BlackElo "2375"]
[PlyCount "65"]
[EventDate "2000.07.10"]

1. e4 e5 2. Nf3 Nc6 3. Bc4 Nf6 4. Ng5 d5 5. exd5 Na5 6. Bb5+ c6 7. dxc6 bxc6 8.
Qf3 Rb8 9. Bxc6+ Nxc6 10. Qxc6+ Nd7 11. d3 Bb4+ 12. Nc3 h6 13. Nge4 Rb6 14. Qa4
f5 15. Ng3 O-O 16. O-O Nc5 17. Qxa7 Bb7 18. a3 Bxc3 19. bxc3 Qc7 20. d4 Na6 21.
dxe5 Ra8 22. Qxb6 Qxb6 23. Be3 Qc6 24. f3 Qxc3 25. Rfe1 Qxe5 26. Bxh6 Qc7 27.
Bg5 f4 28. Ne4 Bxe4 29. Bxf4 Qxf4 30. Rxe4 Qf6 31. Rae1 Nc5 32. Re5 Rxa3 33.
R5e2 {.} 0-1

[Event "22nd Oberwarter Open"]
[Site "Oberwart (Austria)"]
[Date "2000.07.10"]
[Round "3.29"]
[White "NEULINGER, Manfred"]
[Black "SEIDL, Reinhard"]
[Result "1-0"]
[WhiteElo "2286"]
[BlackElo "2032"]
[PlyCount "41"]
[EventDate "2000.07.10"]

1. e4 c5 2. Nc3 Nc6 3. g4 e6 4. Bg2 a6 5. d3 Bd6 6. Be3 Nge7 7. f4 Nd4 8. e5
Bb8 9. Nf3 Nec6 10. Ne4 b6 11. c3 Nxf3+ 12. Qxf3 Bb7 13. O-O d5 14. Ng3 O-O 15.
d4 Qe7 16. f5 f6 17. fxe6 fxe5 18. Nf5 Qd8 19. Qxd5 Qxd5 20. Bxd5 Re8 21. e7+
1-0

[Event "22nd Oberwarter Open"]
[Site "Oberwart (Austria)"]
[Date "2000.07.10"]
[Round "3.31"]
[White "LOEBLER, Heimo"]
[Black "WAIS, Michael"]
[Result "1-0"]
[WhiteElo "2264"]
[BlackElo "2042"]
[PlyCount "47"]
[EventDate "2000.07.10"]

1. d4 c5 2. d5 Nf6 3. Nc3 Qa5 4. Bd2 b5 5. e4 b4 6. e5 Ba6 7. Bxa6 Qxa6 8. exf6
bxc3 9. Bxc3 gxf6 10. Qh5 Rg8 11. Ne2 Rg5 12. Qf3 d6 13. O-O Nd7 14. Qe4 Ne5
15. Ng3 Rg4 16. f4 Qc4 17. Qf5 e6 18. dxe6 fxe6 19. Qh5+ Kd7 20. fxe5 Rh4 21.
Qf7+ Kc6 22. exf6 Bh6 23. Rae1 Rf8 24. Qxe6 {.} 1-0

[Event "22nd Oberwarter Open"]
[Site "Oberwart (Austria)"]
[Date "2000.07.10"]
[Round "3.34"]
[White "LEITNER, Kurt"]
[Black "SPIESBERGER, Gerhard"]
[Result "1-0"]
[WhiteElo "2162"]
[BlackElo "2043"]
[PlyCount "43"]
[EventDate "2000.07.10"]

1. e4 e5 2. Bc4 Nf6 3. d4 Nc6 4. Nf3 Bd6 5. dxe5 Bxe5 6. O-O O-O 7. Bd5 d6 8.
Bxc6 bxc6 9. Nxe5 dxe5 10. Qe2 Qd4 11. Nc3 Qb6 12. Qf3 a5 13. b3 Bg4 14. Qg3
Qd4 15. Re1 Bh5 16. Bb2 Rfe8 17. Nd5 Nxe4 18. Nf6+ Kh8 19. Bxd4 Nxg3 20. Nxe8
Ne2+ 21. Rxe2 Bxe2 22. Nxc7 1-0

[Event "22nd Oberwarter Open"]
[Site "Oberwart (Austria)"]
[Date "2000.07.11"]
[Round "4.1"]
[White "BALINOV, Ilia"]
[Black "LERNER, Konstantin"]
[Result "1/2-1/2"]
[WhiteElo "2453"]
[BlackElo "2583"]
[PlyCount "117"]
[EventDate "2000.07.11"]

1. e4 c5 2. Nf3 d6 3. d4 cxd4 4. Nxd4 Nf6 5. Nc3 Nc6 6. Bg5 e6 7. Qd2 a6 8.
O-O-O Be7 9. f4 Nxd4 10. Qxd4 b5 11. Bxf6 gxf6 12. Be2 Rb8 13. Bf3 Qc7 14. Kb1
Qc5 15. Qd2 b4 16. Ne2 a5 17. Nd4 a4 18. Rhe1 Rb6 19. Rc1 Bb7 20. c3 O-O 21.
cxb4 Qxb4 22. Qxb4 Rxb4 23. Nc6 Bxc6 24. Rxc6 Rfb8 25. Re2 Bd8 26. a3 Rb3 27.
Ka2 Bb6 28. Rc4 Be3 29. f5 Bf4 30. Bg4 Be5 31. Rcc2 d5 32. fxe6 d4 33. Rc8+
Rxc8 34. exf7+ Kxf7 35. Bxc8 Ke7 36. Rd2 Re3 37. Ba6 Kd6 38. Bb5 Kc5 39. Bxa4
d3 40. Bd1 Kd4 41. Kb3 Bxh2 42. a4 Bc7 43. Rf2 Re1 44. Bg4 Rxe4 45. Bf5 Re2 46.
Rf3 d2 47. Bc2 Rxg2 48. Rd3+ Kc5 49. Rd7 Kc6 50. Rd4 Be5 51. Be4+ Kb6 52. Bxg2
Bxd4 53. Kc2 Be3 54. b4 h5 55. a5+ Kb5 56. Bf1+ Kxb4 57. a6 Ka5 58. a7 Bxa7 59.
Kxd2 {.} 1/2-1/2

[Event "22nd Oberwarter Open"]
[Site "Oberwart (Austria)"]
[Date "2000.07.11"]
[Round "4.2"]
[White "BURMAKIN, Vladimir"]
[Black "MEDVEGY, Zoltan"]
[Result "1/2-1/2"]
[WhiteElo "2538"]
[BlackElo "2428"]
[PlyCount "97"]
[EventDate "2000.07.11"]

1. d4 Nf6 2. Nf3 e6 3. c4 b6 4. g3 Bb7 5. Bg2 Be7 6. O-O O-O 7. Nc3 Ne4 8. Qc2
Nxc3 9. Qxc3 c5 10. Rd1 cxd4 11. Nxd4 Bxg2 12. Kxg2 Qc8 13. Bf4 a6 14. Rac1 d6
15. Nf3 Qc6 16. Kg1 Rd8 17. Bg5 Bxg5 18. Nxg5 h6 19. Nf3 Nd7 20. b4 Rac8 21.
Qa3 Nb8 22. Qb2 Qb7 23. a4 Nc6 24. Qa3 a5 25. bxa5 Nxa5 26. Rxd6 Rxd6 27. Qxd6
Nxc4 28. Qb4 Qd5 29. Nd2 Nd6 30. Rxc8+ Nxc8 31. e4 Qd6 32. Qxd6 Nxd6 33. e5 Nc8
34. Nc4 Kf8 35. f4 Ke7 36. Kf2 Kd7 37. Ke3 Kc6 38. Kd4 Ne7 39. g4 f5 40. exf6
gxf6 41. h4 b5 42. axb5+ Kxb5 43. Nd6+ Kc6 44. Nf7 Ng8 45. f5 exf5 46. gxf5 Kd7
47. Nh8 Ne7 48. Ke4 Nc8 49. h5 {.} 1/2-1/2

[Event "22nd Oberwarter Open"]
[Site "Oberwart (Austria)"]
[Date "2000.07.11"]
[Round "4.3"]
[White "KRIVOSHEY, Sergei"]
[Black "LOGINOV, Valery"]
[Result "1-0"]
[WhiteElo "2429"]
[BlackElo "2514"]
[PlyCount "109"]
[EventDate "2000.07.11"]

1. d4 Nf6 2. c4 e6 3. Nf3 b6 4. g3 Ba6 5. Nbd2 c5 6. Bg2 Bb7 7. e4 cxd4 8. O-O
Bc5 9. e5 Ng8 10. Nb3 Bxf3 11. Qxf3 Nc6 12. Qg4 Kf8 13. Bxc6 dxc6 14. Rd1 Qc7
15. Nxd4 Ne7 16. Nb3 Qxe5 17. Bf4 h5 18. Bxe5 hxg4 19. Nxc5 bxc5 20. Rd7 Nf5
21. Rad1 Rh5 22. Rc7 Kg8 23. Rdd7 f6 24. Bc3 e5 25. Rxc6 Nd4 26. Rcc7 Ne2+ 27.
Kg2 Nxc3 28. Rxg7+ Kh8 29. bxc3 Rf5 30. Rh7+ Kg8 31. Rcg7+ Kf8 32. Rxg4 Re8 33.
Rh8+ Kf7 34. Rg7+ Kxg7 35. Rxe8 Kf7 36. Ra8 e4 37. Rxa7+ Ke6 38. h4 Re5 39. Ra8
Kf5 40. Kf1 e3 41. Ke2 exf2+ 42. Kxf2 Re4 43. a4 Rxc4 44. a5 Rxc3 45. a6 Rc2+
46. Ke1 c4 47. a7 Ra2 48. Kd1 c3 49. Kc1 c2 50. h5 Ra1+ 51. Kxc2 Ra6 52. h6
Rc6+ 53. Kd3 Rc7 54. g4+ Kf4 55. g5 1-0

[Event "22nd Oberwarter Open"]
[Site "Oberwart (Austria)"]
[Date "2000.07.11"]
[Round "4.5"]
[White "SZIEBERT, Adam"]
[Black "KUPREICHIK, Viktor"]
[Result "0-1"]
[WhiteElo "2421"]
[BlackElo "2472"]
[PlyCount "122"]
[EventDate "2000.07.11"]

1. e4 Nf6 2. e5 Nd5 3. d4 d6 4. Nf3 g6 5. Be2 Bg7 6. O-O O-O 7. c4 Nb6 8. Bf4
Nc6 9. exd6 cxd6 10. Nc3 Bg4 11. c5 dxc5 12. dxc5 Qxd1 13. Raxd1 Bxc3 14. cxb6
Bxb2 15. h3 Bxf3 16. Bxf3 axb6 17. Rd7 Bf6 18. Rxb7 Nd4 19. Bd1 Rxa2 20. Be3
Rd8 21. g4 Ne6 22. Bb3 Ra3 23. Bxe6 fxe6 24. g5 Bd4 25. Bxd4 Rxd4 26. Rxe7 Rxh3
27. Kg2 Kf8 28. Rxe6 Rb3 29. Ra1 Rg4+ 30. Kf1 Rxg5 31. Ra7 Rb1+ 32. Ke2 Rf5 33.
Rxh7 Rf7 34. Rh8+ Kg7 35. Rb8 Rb2+ 36. Ke3 Rfxf2 37. Rexb6 Rbe2+ 38. Kd3 Re7
39. Ra6 Rf6 40. Ra2 Rd6+ 41. Kc4 Rc7+ 42. Kb5 Rd5+ 43. Kb6 Rdc5 44. Rd8 R5c6+
45. Kb5 Rc2 46. Ra1 Rc1 47. Ra2 R7c2 48. Ra4 Rc8 49. Rd7+ Kh6 50. Kb6 g5 51.
Rd2 R8c4 52. Ra5 Rc6+ 53. Kb7 Rc7+ 54. Kb8 R7c5 55. Ra4 Rb5+ 56. Ka7 Rcb1 57.
Rdd4 Kh5 58. Re4 R1b3 59. Red4 Rb7+ 60. Ka6 R3b6+ 61. Ka5 Rc6 0-1

[Event "22nd Oberwarter Open"]
[Site "Oberwart (Austria)"]
[Date "2000.07.11"]
[Round "4.6"]
[White "GAGARIN, Vasilij"]
[Black "RASHKOVSKY, Nukhim"]
[Result "0-1"]
[WhiteElo "2395"]
[BlackElo "2508"]
[PlyCount "112"]
[EventDate "2000.07.11"]

1. d4 Nf6 2. Nf3 e6 3. c4 Bb4+ 4. Bd2 a5 5. g3 b6 6. Bg2 Bb7 7. O-O O-O 8. Bg5
Be7 9. Nc3 h6 10. Bxf6 Bxf6 11. Qd2 d6 12. Rad1 Nd7 13. e4 Re8 14. Rfe1 e5 15.
Nd5 c6 16. Ne3 Nf8 17. Nf5 Qc7 18. d5 c5 19. h4 Bc8 20. Nh2 h5 21. Qe2 g6 22.
Ne3 Bd7 23. Qf1 Qc8 24. Nf3 Bg7 25. Kh2 Nh7 26. Bh3 f5 27. exf5 gxf5 28. Ng5
Nxg5 29. hxg5 f4 30. Bxd7 Qxd7 31. Ng2 Qg4 32. Nh4 Rf8 33. Qe2 Qxg5 34. Rf1 Rf7
35. Qe4 Raf8 36. Kg2 Qg4 37. Qf3 Qg5 38. Qe4 Rf6 39. Rd3 R8f7 40. a4 Qg4 41.
Qf3 e4 42. Qxg4 hxg4 43. Rb3 f3+ 44. Kh2 Re7 45. Rxb6 e3 46. fxe3 Rxe3 47. Rb8+
Rf8 48. Rxf8+ Kxf8 49. Nf5 Re2+ 50. Kg1 Be5 51. Kh1 Re4 52. b3 Kf7 53. Kh2 Re2+
54. Kh1 Kg6 55. Nh4+ Kg5 56. Rg1 Rb2 0-1

[Event "22nd Oberwarter Open"]
[Site "Oberwart (Austria)"]
[Date "2000.07.11"]
[Round "4.8"]
[White "SHARIYAZDANOV, Andrey"]
[Black "LAKOS, Nikoletta"]
[Result "1-0"]
[WhiteElo "2582"]
[BlackElo "2327"]
[PlyCount "65"]
[EventDate "2000.07.11"]

1. d4 d5 2. c4 c6 3. Nc3 Nf6 4. e3 e6 5. Nf3 Nbd7 6. Qc2 Bd6 7. Bd3 dxc4 8.
Bxc4 O-O 9. O-O a6 10. Rd1 Qe7 11. a4 c5 12. h3 h6 13. dxc5 Bxc5 14. e4 e5 15.
Ba2 Re8 16. Bd2 Nf8 17. Rac1 Ba7 18. Nd5 Nxd5 19. Bxd5 Qf6 20. Qb3 Ne6 21. Be3
Bxe3 22. fxe3 Rb8 23. Rf1 Bd7 24. Rc2 b5 25. a5 b4 26. Rcf2 Rf8 27. Nd4 Qe7 28.
Nf5 Qc5 29. Qd1 Ng5 30. h4 Bxf5 31. Rxf5 Qxe3+ $4 $138 (31... Nxe4 32. Qd3 (32.
Bxe4 Qxe3+) 32... Nd6 $11) 32. Kh2 Nxe4 33. R5f3 1-0

[Event "22nd Oberwarter Open"]
[Site "Oberwart (Austria)"]
[Date "2000.07.11"]
[Round "4.9"]
[White "OKHOTNYK, Vladimir"]
[Black "WITTMANN, Walter"]
[Result "0-1"]
[WhiteElo "2510"]
[BlackElo "2380"]
[Annotator "IM DR. WALTER WITTMANN"]
[PlyCount "44"]
[EventDate "2000.07.11"]

1. d4 Nf6 2. Nf3 g6 3. Nc3 d5 4. Bf4 Bg7 5. Qd2 c6 6. Bh6 Bxh6 7. Qxh6 Nbd7 8.
O-O-O $6 ({Erforderlich war} 8. e3 {mit geringfuegig besserem Spiel fuer Weiss.
}) 8... b5 9. Ne5 $6 ({Auch nach dem etwas besseren} 9. e3 b4 10. Ne2 Qa5 11.
Kb1 Ne4 12. Qf4 f6 {ist das schwarze Spiel etwas vorzuziehen.}) 9... b4 10. Na4
Qa5 11. b3 ({Keineswegs besser ist} 11. Nxd7 Bxd7 12. b3 Ne4) 11... Nxe5 12.
dxe5 Ne4 13. Qe3 Nc3 14. Nxc3 bxc3 15. Kb1 Bf5 16. g4 ({Nach} 16. Rd3 Bxd3 17.
exd3 c5 18. Be2 d4) ({oder} 16. Qc1 Rb8 17. f3 h5 18. e3 Rb4 19. Bd3 Be6 20.
Be2 c5 21. Rd3 d4 22. exd4 cxd4 23. Qf4 Bf5 {
kommt Weiss vom Regen in die Traufe.}) 16... Bxc2+ 17. Kxc2 Qxa2+ 18. Kxc3 (18.
Kd3 Qxb3 19. Rc1 Qc4+ 20. Kc2 d4 21. Qe4 Qa4+ 22. Kd3 Rd8 23. Bg2 Qb5+ 24. Kc2
Qb2+ (24... d3+ 25. Kxc3 Qa5+ 26. Qb4 Qxe5+ 27. Kb3 O-O) 25. Kd3 O-O 26. Bf3 c5
$17) 18... Rb8 19. b4 a5 20. Qc5 Rxb4 21. Qxc6+ Kf8 22. Qxd5 ({Falls} 22. Rxd5
{so} 22... Rb3+ 23. Kd4 Qd2+ 24. Ke4 Rb4+ 25. Kf3 Qf4+ 26. Kg2 Qxg4#) 22...
Qa3+ {und Weiss strich die Segel.} 0-1

[Event "22nd Oberwarter Open"]
[Site "Oberwart (Austria)"]
[Date "2000.07.11"]
[Round "4.10"]
[White "FUCHS, Georg"]
[Black "RUCK, Robert"]
[Result "0-1"]
[WhiteElo "2185"]
[BlackElo "2489"]
[PlyCount "88"]
[EventDate "2000.07.11"]

1. e4 c5 2. Nf3 d6 3. d4 cxd4 4. Nxd4 Nf6 5. Nc3 a6 6. Be2 e5 7. Nb3 Be7 8. O-O
O-O 9. Be3 Be6 10. Bf3 Nbd7 11. Nd5 Bxd5 12. exd5 Qc7 13. Rc1 Ne8 14. Be2 g6
15. c4 b6 16. a3 a5 17. Nd2 f5 18. f3 Qd8 19. Nb1 Bg5 20. Qd2 Bxe3+ 21. Qxe3 a4
22. Nd2 Nc5 23. Ra1 Nf6 24. Rfb1 Nfd7 25. Bd1 Qh4 26. Be2 Rfe8 27. Rd1 Re7 28.
Rac1 Rae8 29. Rc3 Qf6 30. Qf2 e4 31. fxe4 Nxe4 32. Nxe4 Rxe4 33. Bf3 R4e5 34.
Qd2 Nc5 35. Rf1 Kg7 36. h3 Qh4 37. Qf2 Qf4 38. g3 Qg5 39. h4 Qf6 40. Qd2 h6 41.
Kg2 g5 42. hxg5 hxg5 43. Rc2 Re3 44. Qf2 Nd3 0-1

[Event "22nd Oberwarter Open"]
[Site "Oberwart (Austria)"]
[Date "2000.07.11"]
[Round "4.11"]
[White "ARWANITAKIS, Michael"]
[Black "ALMASI, Istvan"]
[Result "0-1"]
[WhiteElo "2156"]
[BlackElo "2429"]
[PlyCount "56"]
[EventDate "2000.07.11"]

1. e4 c5 2. Nc3 Nc6 3. g3 g6 4. Bg2 Bg7 5. d3 d6 6. Nge2 Rb8 7. Rb1 b5 8. a3 a5
9. a4 b4 10. Nb5 Ba6 11. c4 bxc3 12. bxc3 Nf6 13. f4 Qd7 14. O-O O-O 15. h3 c4
16. dxc4 Qe6 17. Qd3 Rfc8 18. Be3 Nd8 19. e5 dxe5 20. fxe5 Qxe5 21. Nf4 Nc6 22.
Rbe1 Rb7 23. Nd5 Qxg3 24. Nxf6+ Bxf6 25. Kh1 Be5 26. Kg1 Qh2+ 27. Kf2 Bg3+ 28.
Kf3 Ne5+ 0-1

[Event "22nd Oberwarter Open"]
[Site "Oberwart (Austria)"]
[Date "2000.07.11"]
[Round "4.12"]
[White "SCHWANINGER, Wolfgang"]
[Black "WEINZETTL, Ernst"]
[Result "0-1"]
[WhiteElo "2108"]
[BlackElo "2409"]
[PlyCount "72"]
[EventDate "2000.07.11"]

1. c4 c5 2. Nc3 g6 3. g3 Nc6 4. Bg2 Bg7 5. Nf3 e6 6. e4 Nge7 7. O-O O-O 8. d3
d6 9. Be3 Nd4 10. Bxd4 cxd4 11. Ne2 e5 12. Nd2 Be6 13. b4 Qd7 14. Rc1 f5 15. b5
Bh6 16. f4 fxe4 17. dxe4 d3 18. Nc3 exf4 19. Qf3 fxg3 20. Qxd3 gxh2+ 21. Kh1
Bxd2 22. Qxd2 Bxc4 23. Rfd1 Rad8 24. e5 d5 25. Ne4 Qe6 26. Nf6+ Kg7 27. Qg5 Rc8
28. Rc3 Rxf6 29. exf6+ Qxf6 30. Qxf6+ Kxf6 31. Kxh2 Rf8 32. a4 Ke5 33. Re3+ Kd6
34. Rde1 Nf5 35. Re6+ Kc5 36. Bh3 Nd4 0-1

[Event "22nd Oberwarter Open"]
[Site "Oberwart (Austria)"]
[Date "2000.07.11"]
[Round "4.13"]
[White "KREINDL, Helmut"]
[Black "DVOIRYS, Semen"]
[Result "0-1"]
[WhiteElo "2179"]
[BlackElo "2562"]
[PlyCount "72"]
[EventDate "2000.07.11"]

1. e4 c5 2. c3 Nf6 3. e5 Nd5 4. d4 cxd4 5. Nf3 d6 6. cxd4 Nc6 7. Bc4 Nb6 8. Bb3
d5 9. h3 Bf5 10. Nc3 e6 11. Bg5 Qd7 12. O-O h6 13. Bh4 Be4 14. Re1 Bxf3 15.
gxf3 Be7 16. Bg3 Rc8 17. Rc1 Na5 18. Bc2 Nac4 19. b3 Nxe5 20. Bxe5 Rxc3 21. Bb1
Rxc1 22. Qxc1 Bd6 23. Qf4 Bxe5 24. Qxe5 O-O 25. Kh1 Rc8 26. Rg1 f5 27. Re1 Rc6
28. Bd3 a6 29. Rg1 Qf7 30. Be2 Nd7 31. Qe3 Qf6 32. f4 Qf7 33. h4 Nf6 34. Qe5
Qe7 35. Qe3 Ne4 36. h5 Rc3 {.} 0-1

[Event "22nd Oberwarter Open"]
[Site "Oberwart (Austria)"]
[Date "2000.07.11"]
[Round "4.14"]
[White "WEGERER, Fred"]
[Black "KOVACEVIC, Blazimir"]
[Result "1-0"]
[WhiteElo "2175"]
[BlackElo "2438"]
[PlyCount "85"]
[EventDate "2000.07.11"]

1. c4 e6 2. g3 d5 3. Bg2 Nf6 4. Nf3 Be7 5. O-O O-O 6. d3 c5 7. Na3 Nc6 8. Bf4
Nh5 9. Bd2 f5 10. Rb1 g5 11. Ne1 d4 12. e4 dxe3 13. fxe3 Ng7 14. Bc3 Bf6 15.
Nb5 e5 16. Bd5+ Kh8 17. Bd2 Nb4 18. Nc3 Qd6 19. Qe2 Nc6 20. a3 a5 21. Nc2 Rb8
22. b4 axb4 23. axb4 cxb4 24. Nxb4 Ne7 25. Bg2 Bd7 26. Nbd5 Bc6 27. Rb6 Nc8 28.
Rb3 Ra8 29. Rfb1 Rf7 30. Nxf6 Qxf6 31. Nd5 Qd6 32. Bb4 Qd8 33. Bc3 Qd6 34. Qb2
e4 35. Be5 Qe6 36. dxe4 fxe4 37. Bxe4 Qg4 38. Qd4 Ra2 39. Bxg7+ Rxg7 40. Rf1
Ne7 41. Rf8+ Ng8 42. Rxg8+ Kxg8 43. Nf6+ 1-0

[Event "22nd Oberwarter Open"]
[Site "Oberwart (Austria)"]
[Date "2000.07.11"]
[Round "4.15"]
[White "DANNER, Georg"]
[Black "STANETZEK, Carsten"]
[Result "1-0"]
[WhiteElo "2437"]
[BlackElo "2168"]
[PlyCount "46"]
[EventDate "2000.07.11"]

1. d4 d5 2. Nf3 Nf6 3. c4 e6 4. Nc3 Nbd7 5. Bg5 h6 6. Bh4 c6 7. e3 a6 8. a4 Qa5
9. Nd2 Ne4 10. Ndxe4 dxe4 11. Be2 Bb4 12. Qc2 O-O 13. O-O f5 14. f3 exf3 15.
Bxf3 e5 16. c5 e4 17. Be2 Nf6 18. Bxf6 Rxf6 19. Nxe4 fxe4 20. Qxe4 Kf8 21. Qg6
Qc7 22. Bc4 Bd2 23. Rxf6+ gxf6 1-0

[Event "22nd Oberwarter Open"]
[Site "Oberwart (Austria)"]
[Date "2000.07.11"]
[Round "4.16"]
[White "RIAZANTSEV, Alexander"]
[Black "WINIWARTER, Felix"]
[Result "1-0"]
[WhiteElo "2418"]
[BlackElo "2164"]
[PlyCount "81"]
[EventDate "2000.07.11"]

1. d4 Nf6 2. c4 g6 3. Nc3 Bg7 4. e4 d6 5. f3 O-O 6. Be3 e5 7. d5 Nh5 8. Qd2 f5
9. O-O-O a6 10. Kb1 Nd7 11. Bd3 Ndf6 12. exf5 gxf5 13. Nge2 b5 14. cxb5 axb5
15. Bxb5 Bd7 16. Bc4 Qb8 17. Bh6 Bxh6 18. Qxh6 Qb4 19. Bb3 Rfb8 20. Nc1 Be8 21.
Nd3 Qa5 22. Qd2 Rxb3 23. axb3 e4 24. Nf4 Nxf4 25. Qxf4 Bg6 26. Kc2 Nh5 27. Qg5
exf3 28. Ra1 Qxa1 29. Rxa1 Rxa1 30. gxf3 f4+ 31. Kd2 Kf7 32. Qd8 Rh1 33. Qxc7+
Kg8 34. Qd8+ Kf7 35. Qd7+ Kg8 36. Qe6+ Kg7 37. Qe2 Kh6 38. b4 Ng7 39. Qg2 Ra1
40. Qh3+ Nh5 41. b5 1-0